000 00301nam a22001337a 4500
008 181121b xxu||||| |||| 00| 0 eng d
020 _a9781138791565
041 _aeng
080 _a070
100 _a29
101 _aMED
245 _aThe Online Journalism Handbook
_cPaul.B
942 _2udc
_cBK
999 _c52278
_d52278